000 00493nam a22001697a 4500
005 20240217120927.0
008 240214b |||||||| |||| 00| 0 eng d
020 _a978-81-962424-3-5
041 _aEnglish
082 _aPH 615.1 SUG DB1228
100 _aDas Sudip & Sugandha
_9205712
245 _aTextbook of Pharmacology, Pathology and Genetics-II for BSc Nursing Students Semester-IV
260 _bLotus Publishers
_c2023
_aPunjab
300 _a447p
365 _b495.00
942 _cDB
999 _c357090
_d357090